LEADER 01377nam a2200313 i 4500 001 000000111408 003 CaOOAMICUS 005 20080725000000.0 008 080725s1996 it u000 u ita u 013 $a84090 020 $a88-07-81404-8 040 $aSeMil$bita 100 1 $aNatoli, Salvatore,$d<1942- >.$0(OLS)http://semarc/name/16452 245 10$aDizionario dei vizi e delle virtù /$cSalvatore Natoli. 260 $aMilano :$bFeltrinelli,$c1996. 300 $a168 p. ;$c20 cm. 490 0 $aUniversale economica Feltrinelli ;$v1404. 500 $aTesti già pubbl. sul quotidiano «Avvenire» dal settembre 1995 al luglio 1996. - In mezzo al front.: Dedica autogr. dell'A. al card. Martini. - Fondo Card. C.M. Martini. 650 4$aVizi.$0(OLS)http://semarc/subject/3389 650 4$aMorale.$0(OLS)http://semarc/subject/2260 650 4$aVirtù.$0(OLS)http://semarc/subject/1808 830 0$aUniversale economica ;$v1404.$0(OLS)http://semarc/title/11224 850 $aSeMil 852 $aSeMil$W1$xVenegono$y1$m2P II 3$j67242$B67242$CSeMilBibl$Z2$F95964 $81 941 1 $a4 961 $aOmaggio: Martini Card. Carlo Maria 996 $6020$a88-07-81404-8$9(OLS)http://semarc/number/93567 996 $6245$aDizionario dei vizi e delle virtù$9(OLS)http://semarc/title/162155 996 $6260$aMilano :$bFeltrinelli$9(OLS)http://semarc/publisher/30237 LEADER 01051nam a2200253 i 4500 001 000000099389 003 CaOOAMICUS 005 20260303095107.0 008 180830s1974 it u000 u ita u 013 $a71541 040 $aSeMil$bita 100 1 $aBrandon, Samuel George Frederik,$d<1907-1971>.$0(OLS)http://semarc/name/43242 240 14$aThe trial of Jesus of Nazareth.$0(OLS)http://semarc/title/458449 245 13$aIl processo a Gesù /$cS. G. F. Brandon. 260 $aMilano :$bEdizioni di Comunità,$c1974. 300 $a311 p. ;$c21 cm 490 1 $aSaggi di cultura contemporanea ;$v114 650 4$aGesù Cristo - Processo.$0(OLS)http://semarc/subject/4510 830 0$aSaggi di cultura contemporanea ;$v114.$0(OLS)http://semarc/title/7468 850 $aSeMil 852 $aSeMil$W1$xVenegono$y1$m102 5 114 *$j56903$B56903$CSeMilBibl$Z2$F66900 $81 996 $6245$aIl processo a Gesù$9(OLS)http://semarc/title/146934 996 $6260$aMilano :$bEdizioni di Comunità$9(OLS)http://semarc/publisher/31458